[Event "Lodi op"]
[Site "Lodi"]
[Date "2006.06.08"]
[Round "5"]
[White "Onkoud, Abdelaziz"]
[Black "Buccoliero, Alessandro"]
[Result "1-0"]
[WhiteElo "2420"]
[BlackElo "2205"]
[PlyCount "81"]
[EventDate "2006.06.05"]
[EventType "swiss"]
[EventRounds "9"]
[EventCountry "ITA"]
[SourceTitle "CBM 112 Extra"]
[Source "ChessBase"]
[SourceDate "2006.07.14"]
[SourceVersion "1"]
[SourceVersionDate "2006.07.14"]
[SourceQuality "1"]

1. e4 e6 2. d4 d5 3. Nc3 Nf6 4. Bg5 Be7 5. e5 Nfd7 6. h4 Bxg5 7. hxg5 Qxg5 8. Nh3 Qe7 9. Qd2 Nc6 10. 0-0-0 Nb6 11. Nf4 Bd7 12. Nh5 0-0-0 13. Nxg7 f6 14. exf6 Qxf6 15. Nh5 Qf7 16. f4 Ne7 17. b3 Kb8 18. Be2 Nbc8 19. g4 Nd6 20. Qe3 Ne4 21. Nxe4 dxe4 22. c4 Nc6 23. a3 Na5 24. b4 Ba4 25. bxa5 Bxd1 26. Rxd1 c5 27. Qxe4 cxd4 28. a6 Qc7 29. Qxb7+ Qxb7 30. axb7 Kxb7 31. Ng7 Rd6 32. Kd2 Ra6 33. Rb1+ Kc8 34. c5 Rxa3 35. Nxe6 Kd7 36. f5 Kc6 37. Rb4 a5 38. Rxd4 Ra2+ 39. Ke3 Ra3+ 40. Kf4 Rc3 41. Rd6+ 1-0

[Event "Bratto op 24th"]
[Site "Bratto"]
[Date "2004.08.27"]
[Round "8"]
[White "Bernard, Jacques"]
[Black "Buccoliero, Alessandro"]
[Result "1-0"]
[WhiteElo "2222"]
[BlackElo "2123"]
[PlyCount "87"]
[EventDate "2004.08.20"]
[EventType "swiss"]
[EventRounds "9"]
[EventCountry "ITA"]
[SourceTitle "CBM 101 Extra"]
[Source "ChessBase"]
[SourceDate "2004.09.01"]
[SourceVersion "2"]
[SourceVersionDate "2004.09.01"]
[SourceQuality "1"]

1. e4 e6 2. d4 d5 3. Nc3 Bb4 4. e5 c5 5. a3 Bxc3+ 6. bxc3 Qc7 7. Nf3 Ne7 8. h4 Bd7 9. Bd3 Ba4 10. Kf1 c4 11. Be2 Nd7 12. h5 h6 13. Bf4 Qa5 14. Qd2 0-0-0 15. g4 f6 16. Kg2 g5 17. hxg6 Nxg6 18. Bxh6 fxe5 19. Nxe5 Ndxe5 20. dxe5 Nxe5 21. Bg5 Rhg8 22. Bxd8 Qxd8 23. Kg3 Qd6 24. f4 Nd7 25. Rh6 Qf8 26. Rxe6 Nc5 27. Qxd5 Nxe6 28. Qxe6+ Bd7 29. Qxc4+ Kb8 30. Bf3 Qg7 31. Qd4 Qf7 32. Rh1 Qe8 33. Qd5 Bc6 34. Qd6+ Ka8 35. Bxc6 bxc6 36. Kf3 Qc8 37. f5 Rd8 38. Qe6 Qa6 39. f6 Qb5 40. Re1 Qc5 41. Re3 Rh8 42. f7 Rh3+ 43. Kg2 Rxe3 44. Qc8# 1-0

[Event "ITA-ch Provinciale Como"]
[Site "San Fermo della Battaglia"]
[Date "2003.04.06"]
[Round "6"]
[White "Buccoliero, Alessandro"]
[Black "Bonetti, Marco"]
[Result "1-0"]
[WhiteElo "1879"]
[BlackElo "2152"]
[PlyCount "120"]
[EventDate "2003.03.29"]
[EventType "swiss"]
[EventRounds "6"]
[EventCountry "ITA"]
[SourceTitle "EXT 2024"]
[Source "ChessBase"]
[SourceDate "2023.10.10"]
[SourceVersion "1"]
[SourceVersionDate "2023.10.10"]
[SourceQuality "1"]

1. c4 Nf6 2. Nf3 g6 3. Nc3 Bg7 4. d4 d6 5. e3 0-0 6. Bd3 Nbd7 7. 0-0 c6 8. b3 e5 9. Ba3 Re8 10. Qc2 Qc7 11. Rad1 exd4 12. Nxd4 Ne5 13. Be2 a6 14. Nf3 Bf8 15. Qd2 Qa5 16. Ne4 Nxf3+ 17. Bxf3 Qe5 18. Nxf6+ Qxf6 19. Bxd6 Rd8 20. Be5 Rxd2 21. Bxf6 Rxd1 22. Rxd1 Be6 23. Kf1 Bb4 24. Ke2 Kf8 25. e4 a5 26. a4 Rc8 27. Ke3 Ke8 28. h4 b5 29. Be2 Bc5+ 30. Bd4 Bb4 31. Bf6 Bc5+ 32. Bd4 Bb4 33. Bf6 Rb8 34. Be5 Bc5+ 35. Bd4 Bxd4+ 36. Kxd4 bxc4 37. bxc4 Rb2 38. Ke3 Ra2 39. Rd6 Rxa4 40. Rxc6 Kd7 41. Ra6 Ra1 42. c5 Re1 43. Rd6+ Kc7 44. Rd1 Rxd1 45. Bxd1 Bd7 46. Bb3 Be8 47. Kd4 a4 48. Bd5 f6 49. f4 a3 50. Kc3 Bd7 51. Kb3 Bc6 52. Kxa3 f5 53. Bxc6 Kxc6 54. e5 Kxc5 55. Kb3 Kd5 56. Kc3 h6 57. Kd3 g5 58. hxg5 hxg5 59. g3 g4 60. e6 Kd6 1-0